| 000 | 00528nam a22001697a 4500 | ||
|---|---|---|---|
| 003 | NUST | ||
| 038 | _aNusrat Nadeem | ||
| 082 | _a200 | ||
| 100 |
_aMunir Dutt, Hina _9123631 |
||
| 245 |
_aLinearization of higher order ordinary diļ¬erential equations/ _cHina Munir Dutt |
||
| 264 |
_aIslamabad; _bSNS NUST; _c2016. |
||
| 300 |
_a92,p; _bill; _c30,cm; |
||
| 650 |
_aPhD-Mathematics _9123169 |
||
| 700 |
_aSupervisor:Dr.Asghar Qadeer _9123632 |
||
| 856 | _uhttp://10.250.8.41:8080/xmlui/handle/123456789/3325 | ||
| 942 |
_2ddc _cSC |
||
| 999 |
_c609761 _d609761 |
||